Who said that radio quote - 2019 Formula 1 Season - Statistics

General Stats
  • This quiz has been taken 1,233 times
  • The average score is 7 of 11
Answer Stats
Quote Answer % Correct
"Smooooooth operator" Carlos Sainz Jr.
96%
"I am stupid... I am stupid." Charles Leclerc
96%
"Mein gott! Muss das sein? So ein ******* aber auch!" Sebastian Vettel
89%
"Did I send it? Or did I don't didn't send it?" Carlos Sainz Jr.
72%
"Er... ******* wet? Can't see a thing." Lando Norris
69%
"To whom it may concern, **** you!" Valtteri Bottas
66%
"He just came back on the circuit like an idiot!" Lance Stroll
62%
"I can't look after these tyres anymore they're dead!" Lewis Hamilton
61%
"This has been one of the best moves of my career." Sergio Perez
29%
"Tyres are square" Pierre Gasly
21%
"Paul... I already know what to do." Robert Kubica
10%
No matching quizzes found
Score Distribution
Percent of People with Each Score
Percentile by Number Answered
Your Score History
You have not taken this quiz